Easterlinova teorie a vývoj plodnosti v západoevropských zemích, České republice, Maďarsku a Polsku

Hlavné faktory ovplyvňujúce úroveň plodnosti podľa R. Easterlina - relativný príjem. Priemerná reálna hrubá mesačná mzda zamestnancov podľa vekových skupín - roky 1996,1997 a 1998 Česká republika. Miera nezamestnanosti a ekonomickej aktivity podľa veku v Českej republike, Maďarsku a Poľsku 1992-1998...

Ausführliche Beschreibung

Gespeichert in:
Bibliographische Detailangaben
1. Verfasser: Pollnerová, Štěpánka
Format: Buchkapitel
Sprache:Tschechisch
Schlagworte:
Tags: Tag hinzufügen
Keine Tags, Fügen Sie das erste Tag hinzu!

MARC

LEADER 00000naa a2200000 4500
001 r043876
005 20230918121215.2
041 0 |a cze 
044 |a CZ 
245 1 0 |a Easterlinova teorie a vývoj plodnosti v západoevropských zemích, České republice, Maďarsku a Polsku  |c Štěpánka Pollnerová 
520 |a Hlavné faktory ovplyvňujúce úroveň plodnosti podľa R. Easterlina - relativný príjem. Priemerná reálna hrubá mesačná mzda zamestnancov podľa vekových skupín - roky 1996,1997 a 1998 Česká republika. Miera nezamestnanosti a ekonomickej aktivity podľa veku v Českej republike, Maďarsku a Poľsku 1992-1998. 
610 2 0 |a demografia 
610 2 0 |a vývoj populačný 
610 2 0 |a miera nezamestnanosti 
610 2 0 |a mzdy mesačné 
610 2 0 |a mzdy reálne 
610 2 0 |a západná Európa 
610 2 0 |a USA 
610 2 0 |a Česko 
610 2 0 |a Maďarsko 
610 2 0 |a Poľsko 
100 1 |a Pollnerová, Štěpánka